<?xml version="1.0" encoding="UTF-8"?>
<collection xmlns="http://www.loc.gov/MARC21/slim">
    <record>
        <controlfield tag="001">46291</controlfield>
        <controlfield tag="005">20170831220534.0</controlfield>
        <datafield tag="037" ind1=" " ind2=" ">
            <subfield code="a">GDOC-2010-0748</subfield>
        </datafield>
        <datafield tag="041" ind1=" " ind2=" ">
            <subfield code="a">spa</subfield>
        </datafield>
        <datafield tag="100" ind1=" " ind2=" ">
            <subfield code="0">(orcid)0000-0003-1336-5087</subfield>
            <subfield code="a">Meléndez Hevia, Guillermo</subfield>
        </datafield>
        <datafield tag="245" ind1="0" ind2="0">
            <subfield code="9">60333</subfield>
            <subfield code="a">Redacción de trabajos en inglés</subfield>
        </datafield>
        <datafield tag="260" ind1=" " ind2=" ">
            <subfield code="a">Zaragoza</subfield>
            <subfield code="b">Universidad de Zaragoza</subfield>
            <subfield code="c">2010-2011</subfield>
        </datafield>
        <datafield tag="520" ind1=" " ind2=" ">
            <subfield code="a"> En esta asignatura se pretende que los alumnos sean capaces de organizar y redactar artículos científicos según las exigencias de publicación en inglés en la Comunidad Científica. El curso se estructura en torno a la construcción de trabajos científicos según los parámetros que rigen las revistas de impacto (listadas en el SCI).  Por ello, el programa de las sesiones se extiende tanto sobre la construcción del texto mismo y los recursos de redacción, como sobre la estructuración de los trabajos en cuestión. Así el programa de la segunda parte consta de un recorrido detallado por los distintos apartados que generalmente integran un trabajo sobre Ciencias de la Tierra.  - Se recomienda que los alumnos cursen también la asignatura de English for Earth Sciences.  En esta asignatura se pretende que los alumnos sean capaces de organizar y redactar artículos científicos según las exigencias de publicación en inglés en la Comunidad Científica. El curso se estructura en torno a la construcción de trabajos científicos según los parámetros que rigen las revistas de impacto (listadas en el SCI). Por ello, el programa de las sesiones se extiende tanto sobre la construcción del texto mismo y los recursos de redacción, como sobre la estructuración de los trabajos en cuestión. Así el programa de la segunda parte consta de un recorrido detallado por los distintos apartados que generalmente integran un trabajo sobre Ciencias de la Tierra. - Se recomienda que los alumnos cursen también la asignatura de English for Earth Sciences.</subfield>
        </datafield>
        <datafield tag="521" ind1=" " ind2=" ">
            <subfield code="9">601</subfield>
            <subfield code="a">Máster Universitario en Iniciación a la Investigación en Geología</subfield>
        </datafield>
        <datafield tag="540" ind1=" " ind2=" ">
            <subfield code="a">by-nc-sa</subfield>
            <subfield code="b">Creative Commons</subfield>
            <subfield code="c">3.0</subfield>
            <subfield code="u">http://creativecommons.org/licenses/by-nc-sa/3.0/</subfield>
        </datafield>
        <datafield tag="700" ind1=" " ind2=" ">
            <subfield code="0">(orcid)0000-0003-3519-3183</subfield>
            <subfield code="a">Muñoz Calvo, Micaela</subfield>
        </datafield>
        <datafield tag="830" ind1=" " ind2=" ">
            <subfield code="9">337</subfield>
        </datafield>
        <datafield tag="856" ind1="4" ind2=" ">
            <subfield code="s">94290</subfield>
            <subfield code="u">http://zaguan.unizar.es/record/46291/files/guia.pdf</subfield>
            <subfield code="y">Guía (idioma español)</subfield>
        </datafield>
        <datafield tag="980" ind1=" " ind2=" ">
            <subfield code="a">GDOC</subfield>
            <subfield code="b">Ciencias</subfield>
            <subfield code="c">100</subfield>
        </datafield>
    </record>

    
</collection>